| 000 | 00647 a2200253 4500 | ||
|---|---|---|---|
| 260 | _aParis | ||
| 630 | _a65 - Gestion et organisation de lindustrie, du commerce, de la communication et des transports | ||
| 037 | _b1, Achat | ||
| 650 | _a6 - SCIENCES APPLIQUEES | ||
| 100 | _aO'Shaughness | ||
| 440 | _n10 | ||
| 260 | _bDunod | ||
| 245 | _aL'organisation des entreprises | ||
| 300 | _a194 p. | ||
| 650 | _aEntreprise : organisation | ||
| 260 | _c1968 | ||
| 300 | _b22cm | ||
| 100 | _lFr | ||
| 440 | _aInitiation aux Nouveautés de la Science | ||
| 037 | _a23018 | ||
| 700 | _atrad., Henrion, C. | ||
| 999 |
_c41967 _d41967 |
||